| 000 | 00593nam a2200193 a 4500 | ||
|---|---|---|---|
| 005 | 20240702063749.0 | ||
| 008 | 991125s1938 mx 000 0 spa u | ||
| 035 | _aUPN01000044203 | ||
| 049 | _aLT | ||
| 050 | 4 |
_aLB1592 M6 _bR5.6 |
|
| 100 | 1 | _aRío y Fuentes, Aurelio del | |
| 245 | 1 | 4 |
_aLas pequeñas industrias en la escuela del campo / _cAurelio del Río |
| 260 |
_aMéxico : _bEl Nacional, _c1938 |
||
| 300 |
_a220 p. : _bil |
||
| 440 | 0 |
_aBiblioteca del maestro; _v4 |
|
| 650 | 4 |
_aEconomía doméstica _xEstudio y enseñanza (Elemental) _916784 |
|
| 904 |
_aAC _b044205 |
||
| 905 | _aLibro | ||
| 999 |
_c44203 _d44203 |
||